00305nam a22000977a 4500008004100000100001600041245006500057260003800122300001500160650003200175200210b ||||| |||| 00| 0 eng d aGanesan, V.10aComputer simulation of compression-ignition engine processes aHyderabadbUniversity Pressc2000 axvii,202p. 0aDigital Computer Simulation